00781nam a22001937a 450000500170000001000150001702000110003203500140004303700130005708200120007010000340008224501450011626000270026127000810028830000350036994200260040499900190043095201380044920230920162559.0 aENG-135522 c120.00 aEN-119054 bDBAD/PUB a181.432 ashukla, ramesh chandra957163 aYogasanas & Pranayama :bYoga Postures Asanas Dhyana & Pranayama Techniques for a Disciplined Mind & Healthy Body/cBy Ramesh Chandra Shukla aNew Delhic2013bV & S a F-2/16, ansari road, daryaganje110002k011-23240026minfo@vspublishers.com a120p.c22cm(pbk)bbibliography 2ddccENmSHUh181.432 c193348d193348 001040718NFICaDBADbDBADd2022-10-25eDBAD/PUBg120.00l0o181.432 SHUpEN-119054r2022-10-25 00:00:00t1v120.00w2022-10-25yEN